00745cam a2200205 a 450000100100000000500170001000800410002704000250006804100130009308200170010610000770012324000500020024500920025026000350034230000210037753400570039865000190045565000230047470000420049700000436820200929151431.0831101s1943 sp b 000 f spa  aDO-SdBNPbspacBNPHU17aspaheng a823.8bT363a1 aThackeray, William Makepeace,q(William Makepeace Thackeray)d1811-1863.14aThe memoirs of Barry Lyndon, Esq.lEspañol.14aAventuras de Barry Lyndon /cWilliam Thackeray ; traducción, Rafael Vásquez-Zamora. aBarcelona ; :bDestino,c1943. a412 p. ;c20 cm. aTítulo original:tThe memoirs of Barry Lyndon, Esq 4aNovela inglesa 4aLiteratura inglesa1 aVázquez-Zamora, Rafael,etr.d1946-